Statistics for Top 10 Countries With Most Endangered Languages

Click here to take the quiz!

General Stats

  • This quiz has been taken 312 times
  • The average score is 10 of 10

Answer Stats

# Endangered LanguagesCountries% Correct
93Canada
98%
148China
98%
143Mexico
98%
190Brazil
97%
227United States
97%
108Australia
96%
199India
96%
148Russia
96%
98Papua New Guinea
91%
149Indonesia
90%

Score Distribution

Percentile by Number Answered

Percent of People with Each Score

Your Score History

You have not taken this quiz